000 00570nam a2200229Ia 4500
003 OSt
005 20220918211551.0
006 a|||||r|||| 00| 0
007 ta
008 220917b |||||||| |||| 00| 0 eng d
024 _a124,826
037 _cTextual
040 _aARTS
_cARTS
_beng
041 _2eng
_aeng
082 _aWu73:N5, J8
100 _aPersons S
_9120939
245 0 _aAmerican minds
_b A history of ideas
260 _c1958
650 _aPOLITICAL SCIENCE
942 _hWu73:N5, J8
_cTEXL
_2CC
999 _c248011
_d248011